000 00579cam a2200229ua 4500
001 9524
005 20260515114456.0
008 160118n ii |||gr||||Z||||||eng
020 _a9788120337299
040 _cMAIN
041 _aeng
082 _a651.7
100 _aDebasish, Sathya Swaroop,
_eAuthor.,
245 1 _aBusiness communication
_cby Sathya Swaroop Debasish
250 _a2nd printing.
260 _aNew Delhi:
_bPHI learning,
_c2010.
300 _a331p.
653 _aOffice services
653 _aCommerce
700 _aDas, Bhagaban,
_eAuthor.
942 _cBK
999 _c8548
_d8548